Ex-Toon players still in the Premiership Quiz Stats

Quiz not verified by Sporcle

Challenge
Share
Tweet
Embed
Score 0/18 Timer 10:00
0 Plays Today
Current Club Player % Correct
Aston VillaShay Given
81.4%
Man UtdMichael Owen
76.1%
Man CityJames Milner
74.8%
LiverpoolCraig Bellamy
70.5%
LiverpoolAndy Carroll
70.3%
FulhamDamien Duff
69.5%
Aston VillaJermaine Jenas
68.8%
QPRKieron Dyer
67%
Aston VillaCharles N'Zogbia
66.2%
Current Club Player % Correct
QPRJoey Barton
62.2%
SpursScott Parker
59.7%
SunderlandTitus Bramble
57.4%
FulhamAaron Hughes
51.6%
SpursLouis Saha
50.9%
StokeJonathan Woodgate
50.9%
WolvesSebastien Bassong
50.1%
EvertonSylvain Distin
38.5%
WiganGary Caldwell
20.7%

You're not logged in!

Compare scores with friends on all Sporcle quizzes.
Sign Up with Email
OR
Log In

You Might Also Like...

Show Comments

Extras

Top Quizzes Today


Score Distribution

Your Account Isn't Verified!

In order to create a playlist on Sporcle, you need to verify the email address you used during registration. Go to your Sporcle Settings to finish the process.

Report this User

Report this user for behavior that violates our Community Guidelines.

Details: